=LDR 00000nam 2200000 4500 =001 INLIS000000000020435 =005 20130612115401 =008 ***********************************Ind** =035 ##$$a0010-061300000020435 =041 ##$$a Ind =082 ##$$a 613.96 =090 ##$$a 613.96, Pan g =100 ##$$a Pangkahila, Wimpie =245 ##$$a Gairah seksual yang hilnag, Wimpie Pangkadilaga ; editor, Djony Herfan =260 ##$$a 1998 $b Jakarta =300 ##$$a ix, 156 hlm, ilus, 18 cm =650 ##$$a Seks =700 ##$$a Herfan, Jony =850 ##$$a NBPNMAT =990 ##$$a 0001/BPAP-NTB/20142014